Vector mechanics for engineers : Statics
Vector Mechanics for Engineers: Statics marks the fiftieth anniversary of the Beer/Johnston series. Continuing in the spirit of its successful previous editions, the Eighth Edition provides conceptually accurate and thorough coverage together with a significant addition of new problems, including bi...
Na minha lista:
| Autor principal: | |
|---|---|
| Formato: | Livro |
| Idioma: | Undetermined |
| Publicado em: |
Boston
McGraw-Hill
2003
|
| Assuntos: | |
| Tags: |
Adicionar Tag
Sem tags, seja o primeiro a adicionar uma tag!
|
| Thư viện lưu trữ: | Trung tâm Học liệu Trường Đại học Cần Thơ |
|---|
| LEADER | 01045nam a2200205Ia 4500 | ||
|---|---|---|---|
| 001 | CTU_187280 | ||
| 008 | 210402s9999 xx 000 0 und d | ||
| 082 | |a 620.1 | ||
| 082 | |b B415 | ||
| 100 | |a Beer, Ferdinand Pierre | ||
| 245 | 0 | |a Vector mechanics for engineers : | |
| 245 | 0 | |b Statics | |
| 245 | 0 | |c Ferdinand P. Beer, E. Russell Johnston, Jr., Elliot R. Eisenberg ; with the collaboration of George H. Staab | |
| 260 | |a Boston | ||
| 260 | |b McGraw-Hill | ||
| 260 | |c 2003 | ||
| 520 | |a Vector Mechanics for Engineers: Statics marks the fiftieth anniversary of the Beer/Johnston series. Continuing in the spirit of its successful previous editions, the Eighth Edition provides conceptually accurate and thorough coverage together with a significant addition of new problems, including biomechanics problems, and the most extensive media resources available. | ||
| 650 | |a Vector analysis,Mechanics, Applied.,Vector phân tích,Cơ khí ứng dụng | ||
| 904 | |i Qhieu | ||
| 980 | |a Trung tâm Học liệu Trường Đại học Cần Thơ | ||